Find the European Countries Beginning With 'S' Quiz Stats

 Plays Quiz Updated Jun 12, 2018

Challenge
Share
Tweet
Score 0/7 Timer 01:00
8 Plays Today
% Correct
Sweden
91.9%
Spain
89.4%
Switzerland
76.3%
Slovakia
74%
Slovenia
70.3%
Serbia
68.7%
San Marino
53.6%

You're not logged in!

Compare scores with friends on all Sporcle quizzes.
Join for Free
OR
Log In

You Might Also Like...

Show Comments

Extras

Top Quizzes Today


Score Distribution

Your Account Isn't Verified!

In order to create a playlist on Sporcle, you need to verify the email address you used during registration. Go to your Sporcle Settings to finish the process.

Report this User

Report this user for behavior that violates our Community Guidelines.

Details: